| 000 | 00624nam a22002057a 4500 | ||
|---|---|---|---|
| 003 | BD-DhJNU | ||
| 005 | 20250129071425.0 | ||
| 008 | 250129b |||||||| |||| 00| 0 eng d | ||
| 020 | _a9788131764916 | ||
| 040 |
_aBD-DhJNU _bENG _cBD-DhJNU _dBD-DhJNU |
||
| 082 |
_223 _a005.453 |
||
| 100 | _aDave, Parag H. | ||
| 245 |
_aCompilers principles and practice / _cParag H. Dave and Himanshu B. Dave |
||
| 260 |
_aNew Delhi : _bPearson, _c2012. |
||
| 300 |
_axxii, 513 p. : _bill. ; _c24 cm. |
||
| 504 | _aincludes bibliographical reference and index | ||
| 650 | _aCompilers | ||
| 700 | _aDave, Himanshu B. | ||
| 942 |
_2ddc _cBK _n0 |
||
| 999 |
_c1198 _d1198 |
||